000 01221cam a22002891i 4500
003 SA-RiAUC
005 20241006132910.0
008 241002s2000 su g b 00000cara c
020 _a996072641X
040 _aSA-RiAUC
_bara
_cSA-RiAUC
_erda
043 _aa-iq---
082 0 4 _a070.50953
_qSA-RiAUC
090 _a070.50953
_bس ع ي
100 1 _aسعيد، خير الله،
_d1955-
_eمؤلف.
245 1 0 _aوراقو بغداد في العصر العباسي /
_cخير الله سعيد.
250 _aالطبعة الأولى.
264 1 _aالرياض :
_bمركز الملك فيصل للبحوث والدراسات الإسلامية،
_c2000
300 _a652 صفحة ؛
_c24 سم.
336 _aنص
_btxt
_2rdacontent
_3كتاب
337 _aبدون وسيط
_bn
_2rdamedia
338 _aمجلد
_bnc
_2rdacarrier
490 0 _aإصدارات مركز الملك فيصل للبحوث والدراسات الإسلامية (الرياض) ؛
_v24
504 _aببليوجرافية : صفحة 625-652.
650 7 _aالوراقة والوراقون
_zالعراق
_zبغداد
_yالعصر العباسي، 750-1258
_2aucsh
942 _2ddc
_cBOOK
_n0
949 _aSA-JeALM
_d241002
_umohamedma123
_n1
999 _c935
_d935